Corpus iuris civilis academicum (Record no. 8538)
[ view plain ]
| 000 -CABECERA | |
|---|---|
| campo de control de longitud fija | 01100nam a2200205 a 4500 |
| 001 - NÚMERO DE CONTROL | |
| campo de control | BRCA_8887 |
| 005 - FECHA Y HORA DE LA ÚLTIMA TRANSACCIÓN | |
| campo de control | 20190320210440.0 |
| 008 - DATOS DE LONGITUD FIJA--INFORMACIÓN GENERAL | |
| campo de control de longitud fija | 150617s1775----sp-#######---#000-0#lat-# |
| 041 ## - CÓDIGO DE LENGUA | |
| Código de lengua del texto/banda sonora o título independiente | lat |
| 084 ## - OTRO NÚMERO DE CLASIFICACIÓN | |
| Número de clasificación | CO37 |
| -- | .F74 1775 |
| 100 1# - ENTRADA PRINCIPAL--NOMBRE DE PERSONA | |
| Nombre de persona | Freiesleben, Christoph Heinrich |
| 9 (RLIN) | 22116 |
| 245 10 - MENCIÓN DE TÍTULO | |
| Título | Corpus iuris civilis academicum |
| Resto del título | In suas partes distributum, usuique moderno ita accommodatum, ut nunc studiosorum quivis, etiam yro, uno quasi intuitu, ones leges digestorum & codicis, omnesque títulos institutionum invenire possit |
| Mención de responsabilidad, etc. | Auctore Christoph Henr. Freiesleben, Alias Ferromontano; Editio nova, revisa, et a plurimis mendis repurgata, necnon locis Parallelis seque invicem illustrantibus adaucta; tomus I. |
| 260 ## - PUBLICACIÓN, DISTRIBUCIÓN, ETC. | |
| Lugar de publicación, distribución, etc. | Coloniae Munatianae |
| Nombre del editor, distribuidor, etc. | Sumptibus Emanuelis Thurneysen |
| Fecha de publicación, distribución, etc. | 1775 |
| 300 ## - DESCRIPCIÓN FÍSICA | |
| Extensión | [4], 1615 p. (t.1) |
| Dimensiones | 26.8 x 20.8 cm |
| 500 ## - NOTA GENERAL | |
| Nota general | Cum privilegio sacre caesareae majestatis |
| 500 ## - NOTA GENERAL | |
| Nota general | Estado físico: presenta encuadernación en pergamino con cintas rotas y presencia del pez de plata |
| 650 14 - PUNTO DE ACCESO ADICIONAL DE MATERIA--TÉRMINO DE MATERIA | |
| Término de materia o nombre geográfico como elemento de entrada | Derecho civil |
| Subdivisión cronológica | Obras anteriores a 1800 |
| 9 (RLIN) | 22117 |
| 902 ## - CATALOGADOR | |
| Iniciales | CFM |
| 942 ## - ELEMENTOS DE PUNTO DE ACCESO ADICIONAL (KOHA) | |
| Fuente del sistema de clasificación o colocación | Library of Congress Classification |
| Tipo de ítem Koha | Libros |
| Estado de retiro | Estado de pérdida | Estado dañado | No para préstamo | Localización permanente | Ubicación/localización actual | Fecha de adquisición | Total de préstamos | Signatura topográfica completa | Código de barras | Fecha visto por última vez | Precio válido a partir de | Tipo de ítem Koha |
|---|---|---|---|---|---|---|---|---|---|---|---|---|
| El ejemplar forma parte de la colección y puede ser consultado según las políticas vigentes. | Biblioteca del Museo Franz Mayer (Rogerio Casas-Alatriste) | Biblioteca del Museo Franz Mayer (Rogerio Casas-Alatriste) | 15/06/2017 | CO37 .F74 1775 | CFM00210 | 22/03/2019 | 22/03/2019 | Libros |